Személyre szabott reklámozás az interneten
Elmentve itt :
| Szerző: | |
|---|---|
| További közreműködők: | |
| Dokumentumtípus: | Szakdolgozat |
| Megjelent: |
2005
|
| Tárgyszavak: | |
| Online Access: | http://diploma.bibl.u-szeged.hu/32228 |
| LEADER | 00536nta a2200157 i 4500 | ||
|---|---|---|---|
| 001 | dipl32228 | ||
| 005 | 20130314092437.0 | ||
| 008 | 110712s2005 hu om 0|| zxx d | ||
| 040 | |a SZTE Diploma Repozitórium |b hun | ||
| 041 | |a zxx | ||
| 100 | 1 | |a Gábor Tamás | |
| 245 | 1 | 0 | |a Személyre szabott reklámozás az interneten |h [elektronikus dokumentum] / |c Tamás Gábor |
| 260 | |c 2005 | ||
| 650 | 4 | |a Gazdaságtudományok | |
| 700 | 1 | |a Révész Balázs |e ths | |
| 856 | 4 | 0 | |u http://diploma.bibl.u-szeged.hu/id/eprint/32228/1/szakdolgozat.pdf |z Dokumentum-elérés |